000
00331nam a22001217a 4500
082
_a
327
245
_a
Yearly Tahqiqaat Islalmabad 2021:
_b
Muslim World and Democracy /
260
_a
Islamabad :
_b
IRCRA,
_c
2021.
300
_a
310 p. ;
_c
24 cm.
942
_2
ddc
_c
BK
999
_c
587496
_d
587496